Random famous people by picture #1 - Statistics

General Stats
  • This quiz has been taken 81 times
  • The average score is 10 of 16
Answer Stats
Picture Answer % Correct
Jeff Bezos
83%
Roger Federer
82%
Bruce Lee
81%
Tupac Shakur
76%
Emma Watson
74%
Lady Gaga
72%
Charles Darwin
69%
John Paul II
65%
Jimi Hendrix
63%
Joan of Arc
63%
Pablo Picasso
61%
Nikola Tesla
57%
Thomas Müller
43%
Christopher Nolan
35%
Heinrich Himmler
31%
Coco Chanel
21%
No matching quizzes found
Score Distribution
Percent of People with Each Score
Percentile by Number Answered
Your Score History
You have not taken this quiz